000 01535cam a22004454i 4500
003 PE-LiUPU
005 20250731173000.0
008 150623s r 000 0 d
020 _a0801067812
035 _a(Sirsi) i9780801067815
040 _aPE-LiUPU
_bspa
_cPE-LiUPU
_erda
049 _aPRUA
082 0 4 _a230.046
_bL695
_223
245 0 0 _aLiberation theology /
_ceditado por Ronald Nash.
264 1 _aGrand Rapids, Michigan :
_bBaker Book House,
_c1988.
300 _a259 páginas :
_bilustraciones fotos ;
_c21.5 centímetros.
336 _atext
_2rdacontent
337 _aunmediated
_2rdamedia
338 _avolume
_2rdacarrier
490 0 _a(A Mott Media Book)
504 _aIncluye bibliografía.
505 0 _aWhat is liberation theology?. -A theology of development for latin america. -The Christian choice between capitalism and socialism. -Liberation theology in Latin America. -A Pilgrimage in political theology. -The imperialism of political religion.
526 _aSEG42
526 _aSEG41
526 _aSEG40
526 _aSEG39
526 _aP94
526 _aP87
526 _aP86
526 _aP85
526 _aP77
526 _aP76
526 _aP35
650 0 4 _aTeología de la liberación.
700 1 _aNash, Ronald H.,
_eeditor.
942 _2ddc
_cBK
_n0
949 _a230.046 L695
_wDEWEY
_c1
_i45493
_lCCODEBUL1
_mBUL
_r0
_sY
_tBOOK
_u2015-6-24
_xTEOLOGIA
_0COMPRA
_o.STAFF. Colección General
980 _81
_gALBERTO SANCHEZ Responsable de Automatización
999 _c22357
_d22357